=LDR 00000nam 2200000 4500 =001 INLIS000000000011592 =005 20130612103135 =008 ***********************************Ind** =035 ##$$0010-061300000011592 =041 ##$$a Ind =082 ##$$a 778.35 =090 ##$$a 778.35, pai F =100 ##$$a Paine, David P =245 ##$$a Fhotografi udara dan penafsiran citra u ntuk pengelolaan sumber daya, David P.paine: Penesrjemah, Ir. Imama Abdul rohman =260 ##$$a 1993 $b Yogyakarta =300 ##$$a xix, 833 hlm., ilus, 22 cm =650 ##$$a Fhotografi Interpretation pada resure manajemant =700 ##$$a Rokhaman, Jaman Abdul =850 ##$$a NBPNMAT